01285nam a2200289 a 450000100060000000300080000600500170001400800410003103500190007204000430009104100080013408200240014209000200016624500540018626000490024030000320028950002310032165000400055265000470059270000410063971000380068071000570071871000490077594200120082499900170083695201420085343885BD-RjUL20211209053751.0160628s1965 enka 100 0 eng  a(BD-RjUL)44003 dUPvMRCdBD-RjULaBD-RjULbengcBD-RjUL aeng a658.5223bMOD 1965 aHD38b.C76 196410aModels for decision /cedited by C.M. Berners-Lee aLondon :bEnglish Universities Press,cc1965 ax, 149 p. :bill. ;c23 cm. a"A conference under the auspices of the United Kingdom Automation Council organised by the British Computer Society and the Operational Research Society." Held Oct. 13-14, 1964 at the Institute of Electrical Engineers, London. 0aElectronic data processing.9134851 0aPublic administrationxAutomation.91348521 aBerners-Lee, C. M.,eeditor.91348532 aBritish Computer Society.91348542 aOperational Research Society (Great Britain)91348552 aInstitution of Electrical Engineers.9134856 2ddccBK c43885d43885 00102ddc40708NFICaRUCLbRUCLcStackd1973-06-24eMitali prokasong2.50l0o658.5 MOD 1965r2016-06-28 00:00:00tC-2w2016-06-28yBK